=LDR 00000nam 2200000 4500 =001 INLIS000000000040977 =005 20130612150530 =008 ***********************************ind** =035 ##$$0010-061300000040977 =041 ##$$a ind =082 ##$$a 642 =090 ##$$a 642, Ari m =100 ##$$a ARIHADI, Tuti Korina =245 ##$$a Menu lezat untuk kesehatan ginjal, Tuti korina arihadi =260 ##$$a 2008 $b Jakarta =300 ##$$a 74 Hlm, Ilus, 23 cm =650 ##$$a MENU KESEHATAN =850 ##$$a NBPNMAT